000 00455nam a2200181Ia 4500
001 2473
005 20260306144809.0
008 260306t2009||||xx |||||||||||||| ||spa||
041 _aESP
082 _a616.891
_bB88
100 _aBuela Casal, Gualberto (Ed.)
_eAUT
245 0 _aManual de evaluación y tratamientos psicológicos
260 _c2009
300 _a654 páginas :
_c24 cm.
650 _aGEN
654 _aCPS
942 _cLIB
_dJUS
_fJUS
_2ddc
_n
999 _c2473
_d2473